Responses for Show #5647 - Tuesday, March 10, 2009

2009 Celebrity Jeopardy!
From CES in Las Vegas, Nevada.

Contestants

[<< previous game]

Elizabeth Perkins, an actress from Big and Weeds

Tom Bergeron, an Emmy Award-winning host from Dancing with the Stars

Aisha Tyler, a comedienne, host and actress from Talk Soup, Friends, The 5th Wheel and Ghost Whisperer

[next game >>]

Jeopardy! Round responses

NAME THE CAPITAL CITY
HOLLYWOOD NON-SQUARES
THEATRE
WEEDS
BEER
BALLS OF FURY
    $200 4
Mexico City

Elizabeth
    $200 14
Entourage

Elizabeth
    $200 9
Cleopatra

Aisha
    $200 22
tumbleweed

Tom
    $200 10
Budweiser

Aisha
    $200 1
a cannonball

Aisha
    $400 5
Paris

Aisha
    $400 15
Paris Hilton

Aisha
    $400 12
Doubt

Elizabeth
    $400 25
a dandelion

Elizabeth
    $400 11
Laverne & Shirley

Elizabeth
    $400 2
the beanball

Triple Stumper
    $600 6
Warsaw

Elizabeth
    $600 19
That '70s Show

Elizabeth
    $600 13
Pal Joey

Tom
    $600 26
[The end-of-round signal sounds.]

plantains

Triple Stumper
    $600 16
Harp

Aisha
    $600 3
the end zone

Elizabeth
    $800 7
Manila

Aisha
    $800 20
The O.C.

Elizabeth
    $800 23
Shrek

Elizabeth
    $800 17
Jamaica

Aisha
    $1000 8
Lima

Elizabeth
    $1000 21
(Aisha: Who is... I am having a total brain fart.)
...
(Alex: A minute to go now.)

Nicole Richie

Aisha
Triple Stumper
    $1000 24
Utopia

Elizabeth
    $1000 18
(Tom: What is "Great Taste"?)
(Alex: We'll accept that. [*].)
(Tom: [Throwing his arms in the air] Thank you!)

"Tastes Great" ("Great Taste" accepted)

Tom

Scores at the first commercial break (after clue 15):

Aisha Tom Elizabeth
$2,200 $600 $3,400

Scores at the end of the Jeopardy! Round:

Aisha Tom Elizabeth
$2,600 $1,800 $7,000

Double Jeopardy! Round responses

OTHER FAMOUS TYLERS
ARTISTS' CHOICE
HE SAID, SHE SAID
DANCING WITH THE STARS
THE ENVIRONMENT
9-LETTER POTPOURRI
    $400 13
the heart

Aisha
    $400 11
(Aisha: Van Gogh?)
(Elizabeth: Who is Rembrandt?)
...
(Alex: You sly devil you. Way to go. Pick again, Tom.)
(Tom: Some--sometimes it's just a waiting game, isn't it?)

Botticelli

AishaTomElizabeth
    $400 20
the Dalai Lama

Aisha
    $400 1
the North Star

Elizabeth
    $400 6
light bulbs

Aisha
    $400 26
[The end-of-round signal sounds.]

a rain dance

Elizabeth
    $4,000 14
(Tom: Bet it all! Go for it! Bet it all!)

Liv Tyler

Aisha
    $800 12
Picasso

Aisha
    $800 21
lipstick

Elizabeth
    $800 2
Gemini

Aisha
    $800 7
a refrigerator

Aisha
    $1200 15
Tyler Perry

Tom
    $1200 17
Dali

Elizabeth
    $1200 22
Ringo Starr

Aisha
    $1200 3
Sisters

Aisha
    $1200 8
organic

Elizabeth
    $1600 16
Tyler Florence

Triple Stumper
    $1600 18
Lichtenstein

Aisha
    $1600 23
Truman Capote

Aisha
    $1600 4
Alpha Centauri

Aisha
    $1600 9
SUV

Elizabeth
    $2000 25
The Accidental Tourist

Tom
    $2000 19
(Aisha: Who is Goya?)
...
(Tom: Damn!)
[Laughter]
(Alex: You broke Tom's heart.)

Gauguin

AishaElizabeth
    $2000 24
Julia Child

Aisha
    $2,400 5
Orion

Aisha
    $2000 10
your footprint

Tom

Scores at the end of the Double Jeopardy! Round:

Aisha Tom Elizabeth
$19,400 $7,400 $14,200

[wagering suggestions for these scores]

Final Jeopardy! Round responses

WHAT HAPPENS IN VEGAS
TomWhat was Ocean's Eleven?
$7,400
ElizabethWhat is Oceans 11?
$5,300
AishaWhat is Ocean's Eleven?
$9,001
Ocean's Eleven

Final scores:

Aisha Tom Elizabeth
$28,401 $14,800 $19,500
Winner: $50,000 to the International Rescue Committee and Doctors Without Borders 3rd place: $25,000 to the Muscular Dystrophy Association 2nd place: $25,000 to the New England Learning Center for Women in Transition

Game dynamics:

Coryat scores:

Aisha Tom Elizabeth
$15,800 $7,400 $14,200
22 R
(including 2 DDs),
3 W
7 R,
0 W
19 R,
1 W

Combined Coryat: $37,400

[game clues] [game scores] [suggest correction]

Game tape date: 2009-01-09
The J! Archive is created by fans, for fans. Scraping, republication, monetization, and malicious use prohibited; this site may use cookies and collect identifying information. See terms. The Jeopardy! game show and all elements thereof, including but not limited to copyright and trademark thereto, are the property of Jeopardy Productions, Inc. and are protected under law. This website is not affiliated with, sponsored by, or operated by Jeopardy Productions, Inc. Join the discussion at JBoard.tv.